000
00241nam a2200097Ia 4500
001
644684
005
20250826153609.0
008
250824s9999 xx 000 0 und d
245
0
_a
AĞAÇKAKANLAR
_c
CAHİT ZARİFOĞLU
260
_b
BEYAN YAYINLARI
999
_c
644684
_d
644684